Mistério na Biblioteca (Registo nº 200415)

Detalhes MARC
000 -Etiqueta do registo
Valores 00799nam 22002413 4500
010 ## - Número ISBN
ISBN 978-989-661-958-9
021 ## - Número do Depósito Legal
Código do país Portugal
Número 525 095/23
100 ## - Dados gerais de processamento
Dados gerais 20260205d u||y0pory50 ba
101 ## - Língua de publicação
Língua Português
200 ## - Titulo e menção de responsabilidade
Título próprio Mistério na Biblioteca
Primeira menção de responsabilidade Enid Blyton
Outras menções de responsabilidade Ilustração de Becka Moor ; Tradução de Eugénia Antunes ; Revisão de Oficina do Livro
205 ## - Menção da edição
Edição 2ª (reimp.)
210 ## - Publicação
Local de publicação Alfragide
Nome do editor Oficina do Livro
Data de publicação 2025
215 ## - Descrição física 
Paginação / Volumes 72, [8] p. : muito il.
Outras indicações físicas Brochado
Dimensões 20 cm
225 ## - Colecção 
Título próprio da colecção Os mini cinco
Indicação de volume 16
606 ## - Nome comum usado como assunto
ID Autoridade 2
Palavra de ordem Literatura Infantil Inglesa
675 ## - CDU
Notação 821.111-93/BLY/MIS
Edição PT
Língua por
700 ## - Autor principal (pessoa individual)
ID Autoridade 958
Apelido Blyton
Nome Enid
Datas 1897-1968
701 ## - Co-autor principal (pessoa individual)
ID Autoridade 16219
Apelido Moor
Nome Becka
801 ## - Fonte de origem
País PT
Agência BMMN
Regras de catalogação RPC
830 ## - Notas gerais do catalogador
Criado por Carlos Pinto
Data de criação 05-02-2026
Indexado por Carlos Pinto
990 ## - Elementos KOHA
Tipo de documento Livro
Exemplares
Situação do levantamento Biblioteca de origem Código de barras Cota Permissão de empréstimo Tipo de documento Forma de aquisição
  Biblioteca Escolar nº 2 29578 821.111-93/BLY/MIS   Livro Compra
  Biblioteca Escola São João de Deus 29910 821.111-93 BLY   Livro Compra

Powered by Koha